000 004700000a22001810004500
003 MACL
005 20150902133245.0
008 150902b xxu||||| |||| 00| 0 eng d
040 _aMACL
_cMACL
041 _aEnglish
082 _a800/KAU
100 _aKaul, R K
_98578
245 _aSocial Awareness In Modern Indian Literature
260 _bIndian Institute Of Advanced Study
_c1993
_aNew Delhi
350 _a200
650 _aLiterature
_98580
942 _cBK
_k800
_2ddc
999 _c3686
_d3686